000 00690nam a2200193Ia 4500
008 151121s9999||||xx |||||||||||||| ||und||
082 _a070/जोशी
082 _bHNW-17833
100 _aजोशी वि।कृ।
245 _aवृत्तपत्रांचा इतिहास : 1
260 _b"युगवाणी प्रकाशन,मुंबई"
260 _c--
300 _a562
600 _aजोशी वि।कृ।
630 _aवृत्तपत्रांचा इतिहास : 1
700 _aजोशी वि।कृ।
730 _aवृत्तपत्रांचा इतिहास : 1
942 _cBOOK
999 _c1219898
_d1219895